[Event "Mediterranean Flower (Women) 24th"]
[Site "Rijeka"]
[Date "2024.03.04"]
[Round "2"]
[White "Ivekovic, Tihana"]
[Black "Mihaljevic, Eva"]
[Result "1-0"]
[WhiteElo "2081"]
[BlackElo "1946"]
[PlyCount "39"]
[EventDate "2024.03.03"]
[EventType "tourn"]
[EventRounds "9"]
[EventCountry "CRO"]
[SourceTitle "CB11_2024"]
[SourceDate "2024.03.13"]
[SourceVersion "1"]
[SourceVersionDate "2024.03.13"]
[SourceQuality "1"]

1. e4 c5 2. Nf3 d6 3. d4 cxd4 4. Nxd4 Nf6 5. Nc3 a6 6. h3 e5 7. Nf3 Be7 8. g4 h6 9. Rg1 Qc7 10. g5 hxg5 11. Nxg5 b5 12. a4 Bb7 13. axb5 axb5 14. Rxa8 Bxa8 15. Bxb5+ Nbd7 16. Qd3 0-0 17. Bc4 Nb6 18. Bb3 Nfd7 19. Qg3 Bf6 20. Qh4 1-0

[Event "CRO-chT (Women) 31st"]
[Site "Veli Losinj"]
[Date "2023.10.16"]
[Round "7.2"]
[White "Mihaljevic, Eva"]
[Black "Ivekovic, Tihana"]
[Result "1/2-1/2"]
[WhiteElo "2013"]
[BlackElo "2112"]
[PlyCount "40"]
[EventDate "2023.10.11"]
[EventType "team-tourn"]
[EventRounds "9"]
[EventCountry "CRO"]
[SourceTitle "Mega2024 Update 01"]
[Source "Chessbase"]
[SourceDate "2023.11.12"]
[SourceVersion "1"]
[SourceVersionDate "2023.11.12"]
[SourceQuality "1"]
[WhiteTeam "Novo Virje Konaki (W)"]
[BlackTeam "Sisak (W)"]
[WhiteTeamCountry "CRO"]
[BlackTeamCountry "CRO"]

1. e4 e5 2. Nf3 Nc6 3. Bb5 a6 4. Ba4 Nf6 5. 0-0 Be7 6. d3 b5 7. Bb3 d6 8. c3 0-0 9. Re1 Na5 10. Bc2 c5 11. Nbd2 Nc6 12. Nf1 Re8 13. Ng3 h6 14. d4 cxd4 15. cxd4 Bg4 16. Be3 exd4 17. Bxd4 Ne5 18. Bxe5 dxe5 19. Qxd8 Bxd8 20. Nf5 Bxf5 1/2-1/2

[Event "Vrsar op"]
[Site "Vrsar"]
[Date "2023.04.29"]
[Round "7"]
[White "Gal, Andrej"]
[Black "Mihaljevic, Eva"]
[Result "1-0"]
[WhiteElo "2042"]
[BlackElo "1858"]
[PlyCount "125"]
[EventDate "2023.04.25"]
[EventType "swiss"]
[EventRounds "9"]
[EventCountry "CRO"]
[SourceTitle "CBM 214 Extra"]
[Source "ChessBase"]
[SourceDate "2023.07.31"]
[SourceVersion "1"]
[SourceVersionDate "2023.07.31"]
[SourceQuality "1"]

1. d4 d5 2. c4 e6 3. Nf3 Nf6 4. g3 Bb4+ 5. Bd2 Be7 6. Bg2 c6 7. Qc2 b6 8. 0-0 Bb7 9. Bf4 Nbd7 10. Nbd2 Rc8 11. Rac1 c5 12. dxc5 Bxc5 13. Qa4 a5 14. cxd5 Bxd5 15. Ne5 Bxg2 16. Kxg2 0-0 17. Ndc4 Nxe5 18. Bxe5 Qd5+ 19. f3 Ng4 20. Bf4 Qb7 21. Qb5 Ra8 22. Rfd1 Nf6 23. Ne5 Rac8 24. Nd7 Nxd7 25. Rxd7 Qa8 26. Rcd1 Rfd8 27. Bc7 Rxd7 28. Rxd7 Qb7 29. Bd6 Qd5 30. Bxc5 Qxc5 31. Qxc5 bxc5 32. Ra7 Kf8 33. Rxa5 c4 34. Rb5 Ra8 35. Kf2 Rxa2 36. Ke3 Ke7 37. Kd4 Ra1 38. Kxc4 Rh1 39. Rh5 h6 40. Kb5 Rb1 41. b4 Rb2 42. Re5 Kd6 43. Re4 f5 44. Re3 Kd5 45. f4 g5 46. Re5+ Kd6 47. Ka5 gxf4 48. gxf4 Ra2+ 49. Kb6 Rb2 50. b5 Rb4 51. e3 Rb2 52. h4 Rb3 53. Ka6 Kc7 54. Ka5 Kd6 55. Kb6 Rb2 56. Kb7 Rb3 57. b6 Ra3 58. Kb8 Rb3 59. b7 Ra3 60. Rb5 Kd7 61. Rb2 Rd3 62. Ka7 Ra3+ 63. Kb6 1-0

[Event "Vrsar op"]
[Site "Vrsar"]
[Date "2023.04.27"]
[Round "4"]
[White "Mihaljevic, Eva"]
[Black "Perossa, Nicolas"]
[Result "0-1"]
[WhiteElo "1858"]
[BlackElo "2157"]
[PlyCount "58"]
[EventDate "2023.04.25"]
[EventType "swiss"]
[EventRounds "9"]
[EventCountry "CRO"]
[SourceTitle "CBM 214 Extra"]
[Source "ChessBase"]
[SourceDate "2023.07.31"]
[SourceVersion "1"]
[SourceVersionDate "2023.07.31"]
[SourceQuality "1"]

1. e4 e5 2. Nf3 Nc6 3. Bc4 Bc5 4. c3 Nf6 5. d4 exd4 6. e5 d5 7. Bb5 Ne4 8. cxd4 Bb6 9. Nc3 0-0 10. Be3 Bg4 11. h3 Bh5 12. Qc2 Bg6 13. Qb3 Ne7 14. 0-0 c6 15. Bd3 Nd2 16. Nxd2 Bxd3 17. Rfd1 Bg6 18. Na4 Bc7 19. Rac1 b6 20. Bg5 f6 21. exf6 gxf6 22. Bh6 Re8 23. Nf1 Nf5 24. Be3 Qd6 25. g3 Qd7 26. Kg2 Kh8 27. Nc3 Rg8 28. Ne2 Nh4+ 29. Kh2 Nf3+ 0-1

[Event "CRO-chT U16 Girls"]
[Site "Djurdjevac"]
[Date "2021.12.20"]
[Round "5.2"]
[White "Mihaljevic, Eva"]
[Black "Zvonar, Katarina"]
[Result "1-0"]
[WhiteElo "1680"]
[BlackElo "1152"]
[PlyCount "65"]
[EventDate "2021.12.18"]
[EventType "team-tourn"]
[EventRounds "5"]
[EventCountry "CRO"]
[SourceTitle "EXT 2023"]
[Source "ChessBase"]
[SourceDate "2022.10.05"]
[SourceVersion "1"]
[SourceVersionDate "2022.10.05"]
[SourceQuality "1"]
[WhiteTeam "Novo Virje Konaki (W)"]
[BlackTeam "Sveti Ivan Zabno (W)"]
[WhiteTeamCountry "CRO"]
[BlackTeamCountry "CRO"]

1. d4 d5 2. Bf4 Nf6 3. e3 e6 4. c3 Bd6 5. Bg3 Bxg3 6. hxg3 Bd7 7. Nf3 Nc6 8. Nbd2 a6 9. Bd3 Qe7 10. Ne5 h6 11. f4 0-0-0 12. Nxd7 Nxd7 13. b4 g5 14. b5 axb5 15. Bxb5 Ndb8 16. Qa4 Kd7 17. Nb3 b6 18. c4 dxc4 19. Qxc4 Qd6 20. Rc1 Qd5 21. Kf2 Qxc4 22. Rxc4 gxf4 23. Rhc1 fxg3+ 24. Kxg3 Rhg8+ 25. Kf3 Kc8 26. Bxc6 Nxc6 27. Rxc6 Rd7 28. Rxb6 Rg6 29. a4 Kd8 30. Rb8+ Ke7 31. Rc8 Kd6 32. d5 e5 33. a5 1-0

[Event "CRO-ch (Women)"]
[Site "Vinkovci"]
[Date "2021.08.28"]
[Round "8"]
[White "Mihaljevic, Eva"]
[Black "Cvitan, Ena"]
[Result "0-1"]
[WhiteElo "1593"]
[BlackElo "2269"]
[PlyCount "154"]
[EventDate "2021.08.22"]
[EventType "swiss"]
[EventRounds "9"]
[EventCountry "CRO"]
[SourceTitle "CBM 204 Extra"]
[Source "ChessBase"]
[SourceDate "2021.11.30"]
[SourceVersion "1"]
[SourceVersionDate "2021.11.30"]
[SourceQuality "1"]

1. e4 c5 2. Nf3 Nc6 3. d4 cxd4 4. Nxd4 Nf6 5. Nc3 g6 6. Be3 Bg7 7. Bc4 0-0 8. f3 Na5 9. Bb3 Nxb3 10. axb3 d5 11. Ndb5 Be6 12. 0-0 dxe4 13. Qxd8 Raxd8 14. fxe4 a6 15. Nc7 Bc8 16. Bc5 Rd7 17. N7d5 Nxd5 18. Nxd5 Re8 19. Rad1 Kf8 20. Rd3 Be5 21. Rdf3 f5 22. c4 Bd6 23. Be3 e6 24. Nf6 Be5 25. Nxe8 Kxe8 26. exf5 gxf5 27. Bc5 Bxb2 28. Re1 Kf7 29. Rh3 Kg8 30. Rg3+ Kf7 31. Re2 Bf6 32. Rh3 Kg6 33. Be3 e5 34. Kf2 f4 35. Ba7 b5 36. Bb8 Rb7 37. Bxe5 Bxh3 38. gxh3 bxc4 39. bxc4 Bxe5 40. Rxe5 Rb4 41. Ra5 Rxc4 42. Rxa6+ Kf5 43. Ra2 Rb4 44. Re2 Rb3 45. Ra2 Rxh3 46. Kg2 Rb3 47. h3 Rg3+ 48. Kh2 Rd3 49. Kg2 Ke4 50. Re2+ Re3 51. Ra2 Rg3+ 52. Kh2 Rd3 53. Kg2 Ke3 54. Rf2 Ke4 55. Re2+ Re3 56. Ra2 Rg3+ 57. Kh2 Rd3 58. Kg2 h5 59. Re2+ Kf5 60. Ra2 h4 61. Rb2 Ke4 62. Re2+ Re3 63. Ra2 Rg3+ 64. Kh2 Rd3 65. Kg2 Ke3 66. Rf2 Rd8 67. Rf3+ Ke4 68. Rf2 Rg8+ 69. Kh2 f3 70. Ra2 Rd8 71. Ra4+ Rd4 72. Ra3 Kf4 73. Ra2 Re4 74. Kg1 Kg3 75. Kf1 Rb4 76. Ra1 Rb2 77. Ke1 Kg2 0-1